000
00276nam a22001217a 4500
008
181218b xxu||||| |||| 00| 0 eng d
041
_a
eng
080
_a
941
100
_a
17
101
_a
HIS
245
_a
Great Civilizations of Ancient Africa
_c
Brooks, L
942
_2
udc
_c
BK
999
_c
53453
_d
53453